Замечания неизвестного о Новороссийском крае и особенно о Херсонской губернии

Доступно только в Электронных читальных залах Найти на картеНа карте
RUSMARC
00003692nmc2a22000003x 450
00133632a41-6062-410f-a60a-ddfd2d059adf
00520180802200934.0
100##$a20160202l18271827k l0rusy0189 ca
1010#$arus
102##$aRU
2001#$aЗамечания неизвестного о Новороссийском крае и особенно о Херсонской губернии
$j1827 г.
251##$cДело
300##$aДело
801#0$aRU
$bРГИА
$c20160202
$gRCR
801#1$aRU
$bГлавНИВЦ
$c20160202
$2rusmarc
801#2$aRU
$bПБ им. Б.Н. Ельцина
$c20180802
$gRCR
$2rusmarc
850##$aРГИА
852##$aРГИА
$eФедеральное казенное учреждение "Российский государственный исторический архив" (РГИА)
$j131
937##$hРГИА
$d12199693
$aASBIBLIO_SCAN
462#0$1001a0b5404e-e846-4895-b79c-badb01bf75e0
$12001
$aЖурналы заседаний комитета, доклады, записки и проекты о преобразовании государственного управления в России
$1251
$cОпись
$1852
$j1
461#0$1001fced975b-8e7a-4ca8-8415-a2f9a9f5d905
$12001
$aКомитет 6 декабря 1826 года при Государственном совете
$1251
$cФонд
$1852
$j1167
215##$a21 л.
$d36,5х26 см
371##$aДокумент не является опубликованным и широко распространяемым
105##$ay###
1222#$ad
035##$a33632a41-6062-410f-a60a-ddfd2d059adf
856##$uhttp://readingroom.main.prlib.ru/item.aspx?id_node=n117808407&mode=full
Формат отображения